|
|
|
|
| LEADER |
01889nam a2200433 a 4500 |
| 001 |
000580045 |
| 003 |
CZ BrMZK |
| 005 |
20080923084757.0 |
| 007 |
ta |
| 008 |
011130s2001 xr e p cze d |
| 015 |
|
|
|a cnb001033966
|
| 020 |
|
|
|a 80-213-0832-X
|
| 035 |
|
|
|a (OCoLC)50346130
|
| 040 |
|
|
|a BOA001
|b cze
|
| 072 |
|
7 |
|a 636
|x Chov zvířat. Živočišná výroba
|2 Konspekt
|9 24
|
| 072 |
|
7 |
|a 37.016
|x Učební osnovy. Vyučovací předměty. Učebnice
|2 Konspekt
|9 22
|
| 080 |
|
|
|a 636.08
|2 MRF
|
| 080 |
|
|
|a 636.084
|2 MRF
|
| 080 |
|
|
|a 591.4
|2 MRF
|
| 080 |
|
|
|a 591.1
|2 MRF
|
| 080 |
|
|
|a (075.8)
|2 MRF
|
| 100 |
1 |
|
|a Jílek, František,
|d 1945-
|7 jn19990216091
|4 aut
|
| 245 |
1 |
0 |
|a Biologické základy chovu hospodářských zvířat /
|c František Jílek a kolektiv
|
| 250 |
|
|
|a Vyd. 2.
|
| 260 |
|
|
|a Praha :
|b Česká zemědělská univerzita,
|c 2001
|
| 300 |
|
|
|a 227 s. :
|b il. ;
|c 29 cm
|
| 521 |
|
|
|a Určeno pro posluchače oboru PaE
|
| 650 |
0 |
7 |
|a chov hospodářských zvířat
|7 ph119201
|2 czenas
|
| 650 |
0 |
7 |
|a krmení hospodářských zvířat
|7 ph134862
|2 czenas
|
| 650 |
0 |
7 |
|a veterinární anatomie
|7 ph127045
|2 czenas
|
| 650 |
0 |
7 |
|a veterinární fyziologie
|7 ph127051
|2 czenas
|
| 655 |
|
7 |
|a učebnice vysokých škol
|7 fd133772
|2 czenas
|
| 710 |
2 |
|
|a Česká zemědělská univerzita v Praze.
|b Provozně ekonomická fakulta
|7 kn20010725055
|
| 910 |
|
|
|a BOA001
|b 3-1093.948
|
| 990 |
|
|
|a BK
|
| 996 |
6 |
|
|b 2610148692
|c 3-1093.948
|l MZK
|r Sklad / do 1 hodiny
|n 1
|p p.v.
|w 000580045
|u 000010
|a 1
|e BOA001
|j MZK50
|s P
|
| 996 |
7 |
|
|b 2610180931
|c 3-1093.948
|l MZK
|r Sklad / do 1 hodiny
|n 17
|p p.v.
|w 000580045
|u 000020
|a 1
|e BOA001
|j MZK50
|s A
|
| 996 |
7 |
|
|b 2610237389
|c 3-1093.948
|l MZK
|r Sklad / do 1 hodiny
|n 11
|p p.v. 2.dotisk 2004
|w 000580045
|u 000030
|a 1
|e BOA001
|j MZK50
|s A
|
| 996 |
7 |
|
|b 2610268705
|c 3-1093.948
|l MZK
|r Sklad / do 1 hodiny
|n 15
|p p.v. 3. dotisk 2005
|w 000580045
|u 000040
|a 1
|e BOA001
|j MZK50
|s A
|